LEADER 00734nam a2200193 i 4500 001 000000249864 003 CaOOAMICUS 005 20160629000000.0 008 160629s1951 fr u000 u fre u 013 $a228769 040 $aSeMil$bita 100 1 $aMaurois, André,$d<1885-1967>.$0(OLS)http://semarc/name/6962 245 10$aAspects de la biographie ; Byron. 300 $a507 p. 773 0 $aMaurois, André <1885-1967>$tOeuvres complètes.$bN. 260 di ed. numerata.$dParis : Fayard, 1950-1955.$g6$w()33236 850 $aSeMil 852 $aSeMil$W1$xVenegono$y1$m1V VI 124$j200210$B200210$CSeMilBibl$Z2$F213495 $81 961 $aOmaggio: Sagramoso Guido 996 $6245$aAspects de la biographie ; Byron$9(OLS)http://semarc/title/352038 LEADER 01154nam a2200253 i 4500 001 000000230845 003 CaOOAMICUS 005 20140623000000.0 008 140623s1824 it u000 u ita u 013 $a209747 026 $ae.ra e,l- lohe QuBa (3) 1824 (R) 040 $aSeMil$bita 245 10$aDescrizione di Gerusalemme e luoghi santi del visconte Chateaubriand, pari di Francia. 260 $aMilano :$bDalla tipografia di Angelo Bonfanti,$c1824. 300 $a221 p. ;$c8°. 650 4$aLuoghi santi - Descrizioni e viaggi.$0(OLS)http://semarc/subject/21073 650 4$aGerusalemme - Descrizioni e viaggi.$0(OLS)http://semarc/subject/17110 700 1 $aChateaubriand, François René : de,$d<1768-1848>.$0(OLS)http://semarc/name/7109 850 $aSeMil 852 $aSeMil$W1$xVenegono$y1$m2W I 53 FA$j181191$B181191$CSeMilBibl$Z2$F191924 $8I 941 1 $a10 961 $aRecupero: Mantegazza 996 $6245$aDescrizione di Gerusalemme e luoghi santi del visconte Chateaubriand, pari di Francia$9(OLS)http://semarc/title/329798 996 $6260$aMilano :$bDalla tipografia di Angelo Bonfanti$9(OLS)http://semarc/publisher/53833